El arte popular en Europa (Record no. 10090)

MARC details
000 -CABECERA
campo de control de longitud fija 00836nam a2200265 a 4500
001 - NÚMERO DE CONTROL
campo de control BRL_1278
005 - FECHA Y HORA DE LA ÚLTIMA TRANSACCIÓN
campo de control 20190320211127.0
008 - DATOS DE LONGITUD FIJA--INFORMACIÓN GENERAL
campo de control de longitud fija 171213s1955----sp-a######---#000-0#spa-#
041 ## - CÓDIGO DE LENGUA
Código de lengua del texto/banda sonora o título independiente spa
044 ## - CÓDIGO DEL PAÍS DE LA ENTIDAD EDITORA/PRODUCTORA
Código MARC del país sp
050 #4 - SIGNATURA TOPOGRÁFICA DE LA BIBLIOTECA DEL CONGRESO
Número de clasificación NK925
Número de documento/Ítem .B67 1955
100 1# - ENTRADA PRINCIPAL--NOMBRE DE PERSONA
Nombre de persona Bossert, Helmuth Theodor
Fechas asociadas al nombre 1889-
9 (RLIN) 26363
245 10 - MENCIÓN DE TÍTULO
Título El arte popular en Europa
Resto del título tejidos, alfombras y bordados
Mención de responsabilidad, etc. H. TH. Bossert.
250 ## - MENCIÓN DE EDICIÓN
Mención de edición 2
260 ## - PUBLICACIÓN, DISTRIBUCIÓN, ETC.
Lugar de publicación, distribución, etc. Barcelona, España
Nombre del editor, distribuidor, etc. Gustavo Gili
Fecha de publicación, distribución, etc. 1955
300 ## - DESCRIPCIÓN FÍSICA
Extensión XII
Otras características físicas il. a color, 40 láminas
Dimensiones 34 cm.
500 ## - NOTA GENERAL
Nota general Incluye índice cronológico de piezas fechadas
500 ## - NOTA GENERAL
Nota general Estado físico: camisa rota y desprendida
500 ## - NOTA GENERAL
Nota general Au1488
650 14 - PUNTO DE ACCESO ADICIONAL DE MATERIA--TÉRMINO DE MATERIA
Término de materia o nombre geográfico como elemento de entrada Decoración y ornamentación
Subdivisión geográfica Europa
9 (RLIN) 26364
650 14 - PUNTO DE ACCESO ADICIONAL DE MATERIA--TÉRMINO DE MATERIA
Término de materia o nombre geográfico como elemento de entrada Artes decorativas
Subdivisión geográfica Europa
9 (RLIN) 26365
650 14 - PUNTO DE ACCESO ADICIONAL DE MATERIA--TÉRMINO DE MATERIA
Término de materia o nombre geográfico como elemento de entrada Telas
Subdivisión geográfica Europa
9 (RLIN) 26366
902 ## - CATALOGADOR
Iniciales GRL
942 ## - ELEMENTOS DE PUNTO DE ACCESO ADICIONAL (KOHA)
Fuente del sistema de clasificación o colocación Library of Congress Classification
Tipo de ítem Koha Libros
Holdings
Estado de retiro Estado de pérdida Estado dañado No para préstamo Localización permanente Ubicación/localización actual Fecha de adquisición Número de inventario Total de préstamos Signatura topográfica completa Código de barras Fecha visto por última vez Precio válido a partir de Tipo de ítem Koha
El ejemplar forma parte de la colección y puede ser consultado según las políticas vigentes.       Biblioteca Centro de Estudios Ruth D. Lechuga Biblioteca Centro de Estudios Ruth D. Lechuga 17/12/2013 Au1488   NK925 .B67 1955 (Au1488) GRL02157 22/03/2019 22/03/2019 Libros